| 000 | 01435nam a2200313 a 4500 | ||
|---|---|---|---|
| 001 | ebr10443273 | ||
| 003 | CaPaEBR | ||
| 006 | m u | ||
| 007 | cr cn||||||||| | ||
| 008 | 110215s2010 dcuad s 000 0 eng d | ||
| 020 | _z9780309158275 | ||
| 040 |
_aCaPaEBR _cCaPaEBR |
||
| 035 | _a(OCoLC)709725475 | ||
| 050 | 1 | 4 |
_aTP374 _b.I57 2010eb |
| 110 | 2 |
_aInstitute of Medicine (U.S.). _bCommittee on Examination of Front-of-Package Nutrition Ratings Systems and Symbols. |
|
| 245 | 1 | 0 |
_aFront-of-package nutrition rating systems and symbols _h[electronic resource] : _bphase I report / _cCommittee on Examination of Front-of-Package Nutrition Rating System and Symbols, Food and Nutrition Board ; Ellen A. Wartella, Alice H. Lichtenstein, and Caitlin S. Boon. |
| 260 |
_aWashington, D.C. : _bNational Academies Press, _c2010. |
||
| 300 |
_axi, 128 p. : _bill. |
||
| 533 |
_aElectronic reproduction. _bPalo Alto, Calif. : _cebrary, _d2011. _nAvailable via World Wide Web. _nAccess may be limited to ebrary affiliated libraries. |
||
| 650 | 0 |
_aFood _xPackaging. |
|
| 650 | 0 |
_aFood _xLabeling. |
|
| 650 | 0 | _aNutrition. | |
| 655 | 7 |
_aElectronic books. _2local |
|
| 700 | 1 | _aWartella, Ellen A. | |
| 700 | 1 | _aLichtenstein, Alice H. | |
| 700 | 1 | _aBoon, Caitlin S. | |
| 710 | 2 | _aebrary, Inc. | |
| 856 | 4 | 0 |
_uhttp://site.ebrary.com/lib/rucke/Doc?id=10443273 _zAn electronic book accessible through the World Wide Web; click to view |
| 999 |
_c246404 _d246404 |
||